Biblioteca

Philo (Registro nro. 47248)

Detalles MARC
000 -LÍDER
Campo fijo de descripción fija 010670000a22003370004500
001 - NÚMERO DE CONTROL
Campo de control 20903
003 - IDENTIFICADOR DEL NÚMERO DE CONTROL
Campo de control CO-MdFUSB
005 - FECHA Y HORA DE LA ULTIMA TRANSACCIÓN
control field 20180727120229.0
008 - ELEMENTOS DE LONGITUD FIJA -- INFORMACIÓN GENERAL
Campo fijo de descripción fija -- Información general 160404b xxu||||| |||| 00| 0 eng d
020 ## - NÚMERO INTERNACIONAL NORMALIZADO PARA LIBROS
Número Internacional Normalizado del libro 978-0-674-99249-8
040 ## - FUENTE DE CATALOGACIÓN
Agencia de catalogación original CO-MdFUSB
Agencia que realiza la transcripción CO-MdFUSB
Agencia que realiza la modificación CO-MdFUSB
Convenciones de la descripción rda
Idioma de catalogación Español
041 ## - CÓDIGO DE IDIOMA
Código de idioma para texto/pista de sonido o título separado eng
082 ## - NÚMERO DE CLASIFICACIÓN DECIMAL DEWEY
Número de clasificación G 888
Clave de autor-Numero de item LP565p
100 0# - ASIENTO PRINCIPAL--NOMBRE PERSONAL
Nombre personal Filón,
245 10 - TÍTULO
Título del Material Philo
Número de parte o sección de la obra I
Mención de responsabilidad, etc. / Filón , Traducido por F. H. Colson
264 ## - PRODUCCIÓN, PUBLICACIÓN, DISTRIBUCIÓN, MANUFACTURA, Y COPYRIGHT
Lugar de producción, publicación, distribución, manufactura England
Nombre del productor, publicador, distribuidor : Harvard University Press
Fecha de producción, publicación, distribución, manufactura, o copyright 1929
300 ## - DESCRIPCIÓN FÍSICA
Extensión XXXIV ; 483 pág.
Dimensiones ;
336 ## - TIPO DE CONTENIDO
Fuente rdacontent
337 ## - TIPO DE MEDIO
Fuente rdamedia
338 ## - TIPO DE SOPORTE
Fuente rdacarrier
347 ## - CARACTERÍSTICAS DEL ARCHIVO DIGITAL
Fuente rda
490 ## - MENCIÓN DE SERIE
Mención de serie Loeb Classical Library
501 ## - NOTA DE “CON”
Nota de Contenido Hardcover
505 0# - NOTA DE CONTENIDO
Nota de contenido con formato preestablecido Lista de obras de Filón -- En el relato de la creación del mundo dada por Moisés -- Interpretación alegórica del Génesis II, III -- Libro I -- Libro II -- Libro III.
653 ## - TÉRMINO DE INDIZACIÓN - NO CONTROLADO
Término no controlado Filón de Alejandría
653 ## - TÉRMINO DE INDIZACIÓN - NO CONTROLADO
Término no controlado Judaísmo Helénico
720 ## - ASIENTO SECUNDARIO - NOMBRE NO CONTROLADO
Nombre Coloson, F. H.
Término de relación traductor
942 ## - TIPO DE MATERIAL (KOHA)
Tipo de Item KOHA Libros de Referencia
Existencias
Estado de Material Estado de Perdido Forma de Clasificación Volumen-Parte/Tomo Estado de Dañado No para Préstamo Colección Tomo Biblioteca de Origen Biblioteca Permanente Ubicación en Estantería Fecha de Adquisición Total de Préstamos Signatura Topográfica Código de Barras Última vez visto Ejemplar/Existencia Fecha de Remplazo Tipo de Material
    Dewey Decimal Classification Vol. 1     Colección de Referencia   Biblioteca FUSBC Biblioteca FUSBC Clásicos 03/12/2015   R 888.01 F488p 22702 19/11/2022 Ej. 1 26/01/2016 Libros de Referencia

Biblioteca FUSBC | Teléfono: (57+4) 349 88 10 Ext. 141| WhatsApp (+57) 3005338115 
E-mail: biblioteca@unisbc.edu.co | Calle 76 87-14 Robledo Palenque, Medellín, Colombia

Con tecnología Koha